000
00302nam a22001337a 4500
003
SGT
082
_a
616.89
_b
A11C
100
_a
CHAUDHARY, MINAKSHI
245
_a
EK SUNHARA SAVERA( MERA CANCER KA SAMNA)
260
_a
DELHI
_b
RUPPA PUB
_c
2011
300
_a
209
650
_a
AYURVEDA
942
_2
ddc
_c
BK
999
_c
16824
_d
16824